Jiu Jitsu = Basics - Statistics

General Stats
  • This quiz has been taken 187 times
  • The average score is 4 of 6
Answer Stats
Question Answer % Correct
Where is mount? On the top
98%
What is guard? A distance-management system
80%
Bottom turtle is... Tucked in like a ball- or child's pose
75%
How long does it take, on average, to get a black belt in jiujitsu? 10-15 years
71%
Is spider guard a real guard? Yes
68%
Around what time was jiujitsu developed? 1530s
12%
No matching quizzes found
Score Distribution
Percent of People with Each Score
Percentile by Number Answered
Your Score History
You have not taken this quiz